Répétitions écrites sur le code civil : contenant l'exposé des principes généraux leurs motifs et la solution des questions théoriques : tome premier /

Salvato in:
Dettagli Bibliografici
Autore principale: Mourlon, Frédéric (autor)
Natura: Libro
Lingua:francese
Edizione:3a edición
Soggetti:
Tags: Aggiungi Tag
Nessun Tag, puoi essere il primo ad aggiungerne!!

MARC

LEADER 00000nam^a2200000^a^4500
001 000373060
005 20250526000000.0
009 20260310120028.564
037 |a Acervo Xavier Clavigero 
041 |a FRA 
082 |a 346. 44  |b MOU V. 1 
100 |a Mourlon, Frédéric  |e (autor) 
240 1 1 |a [Répétitions écrites sur le code civil] 
245 1 0 |a Répétitions écrites sur le code civil :  |b contenant l'exposé des principes généraux leurs motifs et la solution des questions théoriques : tome premier /  |c F. Mourlon ; rev. de Ch. Demangeat. 
250 |a 3a edición  |b revisada y aumentada 
264 |a París, Francia :  |b Garnier Frères,  |c 1896 
300 |a VIII, 983 p. ;  |c 22.5 cm. 
336 |a texto  |b txt  |2 rdacontenido 
337 |a sin mediación  |b n  |2 rdamedio 
338 |a volumen  |b nc  |2 rdasoporte 
501 |a Encuadernación particular 
561 |a Ex libris de Lic. S. Cárdenas Peña 
561 |a Ex libris manuscrito de Lic. José Cárdenas Stille 
561 |a Ex libris de Instituto de Literatura Puente Grande, Jal. 
561 |a Ex libris de Bibl. Magnopontanae Domus Scti. Ioseph. Prov. Mex. Sept. S.I 
561 |a Ex libris de Bibl. Iunioratus Dom. Prob. Sancti Ioseph 
562 |a Falta cubierta 
649 |a XX 
650 |a Derecho Civil -  |z Francia -  |x Leyes y Reglamentos 
650 |a Derecho Civil -  |z Francia -  |x Tema Principal 
650 |a Derecho Privado -  |z Francia -  |x Leyes y Reglamentos 
910 |a Fondo General 
920 |a Impresos - Libros 
930 |a Libros Antiguos y Raros 
905 |a 108 
901 |a 0500267522  |b IT2  |c LRA  |u 20250526 
902 |a https://opac.biblio.iteso.mx/vufind/Record/000373060